00961cam a2200229 a 450000100100000000500170001000800410002702000150006804000250008304100130010808200150012110000290013624501030016526000510026830000260031950400360034560000590038165000410044095201190048195201140060099900170071400001603720200929164239.0701218s1970 xxc b 001 0 eng d a0802052134 aDO-SdBNPbspadBNPHU17aspaheng a190bR896c1 aRubinoff, Lionel.93599410aCollingwood and the reform of metaphysics :ba study in the philosophy of mind /cLionel Rubinoff. aToronto :bUniversity of Toronto Press,c1970. axiv, 413 p. ;c24 cm. aBibliografía: p. [394]-[406].10aCOLLINGWOOD, R. G.q(Robin George),d1889-1943.935995 4aFilosofía modernaxHistoria935996 001054708MOaGRbGRcCTd2010-02-23iLF1l0o190 R896cp16037-10r2020-06-25w2020-06-25y4ZPréstamo en sala 0010507-18MOaPDbPDcOId2017-06-05iLF1l0o190 R896cp16037-20r2020-06-25w2020-06-25y1ZNo se presta c15579d15579